[Event "Kavala op 30th"]
[Site "Kavala"]
[Date "2021.08.02"]
[Round "2"]
[White "Georgakopoulos, Nikolaos"]
[Black "Tsarsitalidis, Christos"]
[Result "1/2-1/2"]
[WhiteElo "2355"]
[BlackElo "1786"]
[PlyCount "172"]
[EventDate "2021.08.01"]
[EventType "swiss"]
[EventRounds "9"]
[EventCountry "GRE"]
[SourceTitle "CBM 203 Extra"]
[Source "ChessBase"]
[SourceDate "2021.09.30"]
[SourceVersion "1"]
[SourceVersionDate "2021.09.30"]
[SourceQuality "1"]

1. c4 e6 2. Nc3 d5 3. e3 Nf6 4. Nf3 a6 5. b3 c5 6. Bb2 Nc6 7. cxd5 exd5 8. d4 cxd4 9. Nxd4 Bb4 10. a3 Bxc3+ 11. Bxc3 Bg4 12. Nxc6 bxc6 13. Qc2 c5 14. Bd3 d4 15. Bd2 0-0 16. 0-0 Qd6 17. exd4 Rfd8 18. Ba5 Rd7 19. d5 Qxd5 20. Bc4 Qh5 21. Rfe1 Bf5 22. Qc3 Rd4 23. h3 h6 24. Re5 Re8 25. Rxe8+ Nxe8 26. Re1 Nd6 27. Bxa6 Ne4 28. Qe3 Ng5 29. Bc3 Rh4 30. Qxc5 Nf3+ 31. Kf1 Nxe1 32. Kxe1 Re4+ 33. Kd2 Qg5+ 34. f4 Qxf4+ 35. Kd1 Qg5 36. Qf2 Be6 37. Kc2 Rf4 38. Qd2 Bf5+ 39. Kb2 Qh4 40. g3 Qxg3 41. Be5 Rf2 42. Bxg3 Rxd2+ 43. Kc3 Rc2+ 44. Kb4 Bxh3 45. a4 Bg2 46. Bd3 Rc8 47. a5 g5 48. a6 h5 49. a7 h4 50. Bb8 Rc1 51. Bf5 Rf1 52. Bh3 Bxh3 53. a8Q f6 54. Qe4 Kg7 55. Qe7+ Kh6 56. Qf8+ Kh5 57. Qe8+ Kg4 58. Qe2+ Rf3 59. Qe4+ Rf4 60. Bxf4 gxf4 61. Qg6+ Kf3 62. Qxf6 Kg3 63. Qe5 Kg4 64. Qe6+ Kg3 65. Qe1+ Kg2 66. Qxh4 f3 67. Qe4 Kg3 68. Qe5+ Kg2 69. Qg5+ Kh2 70. Qf4+ Kg2 71. Qe4 Kg3 72. Qe5+ Kg2 73. Qd5 Kg3 74. Qd6+ Kg2 75. Qg6+ Kh2 76. Qf6 Kg2 77. Kc3 f2 78. Qg5+ Kh2 79. Qd2 Kg1 80. Qe3 Kg2 81. Qe4+ Kg1 82. Qg6+ Kh2 83. Qd6+ Kg2 84. Qd2 Kg1 85. Qe3 Kg2 86. Qxf2+ Kxf2 1/2-1/2

[Event "Ef Agonizesthai rapid op 9th"]
[Site "Pyrgos"]
[Date "2019.08.17"]
[Round "4.1"]
[White "Georgakopoulos, Nikolaos"]
[Black "Tzotzolis, Halalambos"]
[Result "1-0"]
[WhiteElo "2326"]
[BlackElo "2021"]
[PlyCount "154"]
[EventDate "2019.08.16"]
[EventType "swiss (rapid)"]
[EventRounds "9"]
[EventCountry "GRE"]
[SourceTitle "EXT 2020"]
[Source "ChessBase"]
[SourceDate "2019.10.17"]
[SourceVersion "1"]
[SourceVersionDate "2019.10.17"]
[SourceQuality "1"]

1. d4 Nf6 2. c4 g6 3. Nc3 Bg7 4. e4 d6 5. f3 0-0 6. Be3 Nc6 7. Nge2 a6 8. Qd2 Na5 9. Ng3 b5 10. cxb5 axb5 11. Bxb5 Nb3 12. Qd1 Nxa1 13. Qxa1 Ba6 14. Bxa6 Rxa6 15. 0-0 Nd7 16. Qc1 c5 17. dxc5 Nxc5 18. Rd1 Na4 19. Nd5 Nxb2 20. Rd2 Na4 21. Rc2 Nc5 22. Rd2 Nb3 23. Qc4 Nxd2 24. Qxa6 e6 25. Nb6 Qc7 26. Qd3 Qc1+ 27. Kf2 Rb8 28. Qxd6 Rf8 29. Qxd2 Qxd2+ 30. Bxd2 Bd4+ 31. Be3 Bxe3+ 32. Kxe3 Rb8 33. Nc4 Ra8 34. a3 Rb8 35. a4 Rb4 36. Ne5 Rxa4 37. h4 Ra2 38. Ne2 h5 39. g4 hxg4 40. fxg4 Kg7 41. g5 Ra3+ 42. Kf4 Rh3 43. Nf3 e5+ 44. Kg4 Rh1 45. Nxe5 Ra1 46. Nd7 Ra2 47. Nf4 Ra1 48. Nf6 Ra3 49. h5 gxh5+ 50. N6xh5+ Kg8 51. Kf5 Ra6 52. Nf6+ Kg7 53. e5 Ra1 54. N6h5+ Kf8 55. Ne2 Re1 56. Nd4 Rh1 57. Nf4 Rg1 58. Nb5 Rb1 59. Nd6 Rg1 60. Ne2 Rf1+ 61. Ke4 Re1 62. Kf3 Rd1 63. Ng3 Ra1 64. Nge4 Rf1+ 65. Nf2 Re1 66. Kf4 Re2 67. Ng4 Re1 68. Nh6 Rf1+ 69. Ke4 Re1+ 70. Kd4 Rd1+ 71. Kc3 Ke7 72. Nhxf7 Ke6 73. Kc2 Rd5 74. g6 Rd4 75. Ng5+ Kxe5 76. g7 Rxd6 77. g8Q Re6 1-0

[Event "GRE CupT final 36th"]
[Site "Rio Achaia"]
[Date "2018.07.08"]
[Round "2.1"]
[White "Georgakopoulos, Nikolaos"]
[Black "Halkias, Stelios"]
[Result "0-1"]
[WhiteElo "2336"]
[BlackElo "2570"]
[PlyCount "74"]
[EventDate "2018.07.08"]
[EventType "team-k.o."]
[EventRounds "3"]
[EventCountry "GRE"]
[SourceTitle "CBM 185 Extra"]
[Source "ChessBase"]
[SourceDate "2018.07.29"]
[SourceVersion "1"]
[SourceVersionDate "2018.07.29"]
[SourceQuality "1"]
[WhiteTeam "Asia Aegiou"]
[BlackTeam "Eoac Fysiolatris"]
[WhiteTeamCountry "GRE"]
[BlackTeamCountry "GRE"]

1. d4 Nf6 2. Nf3 e6 3. c4 c5 4. e3 cxd4 5. exd4 Bb4+ 6. Bd2 Bxd2+ 7. Nbxd2 0-0 8. Bd3 b6 9. 0-0 Bb7 10. b4 d6 11. a3 Nbd7 12. Re1 Re8 13. Bf1 Rc8 14. Rc1 Rc7 15. Qb3 h6 16. Rcd1 Nf8 17. g3 Qa8 18. Bg2 Ng6 19. Re2 Rce7 20. Ne1 e5 21. d5 Rc7 22. Nc2 b5 23. Ne3 Nf4 24. gxf4 exf4 25. Ne4 Nxe4 26. Nf5 bxc4 27. Qc2 f3 28. Rxe4 Rxe4 29. Qxe4 fxg2 30. Qg4 Qf8 31. Re1 g6 32. Nxh6+ Qxh6 33. Re8+ Kg7 34. Qd4+ f6 35. Qe4 Qc1+ 36. Kxg2 Qg5+ 37. Kf1 Bxd5 0-1

[Event "Heraklion Capablanca Memorial 4th"]
[Site "Heraklion"]
[Date "2018.04.13"]
[Round "5"]
[White "Fernandez, Daniel Howard"]
[Black "Georgakopoulos, Nikolaos"]
[Result "1-0"]
[WhiteElo "2483"]
[BlackElo "2346"]
[PlyCount "47"]
[EventDate "2018.04.09"]
[EventType "tourn"]
[EventRounds "9"]
[EventCountry "GRE"]
[EventCategory "6"]
[SourceTitle "CBM 184 Extra"]
[Source "ChessBase"]
[SourceDate "2018.06.28"]
[SourceVersion "1"]
[SourceVersionDate "2018.06.28"]
[SourceQuality "1"]

1. Nc3 c5 2. Nf3 e6 3. d4 cxd4 4. Nxd4 Nf6 5. g3 d5 6. Bg2 Be7 7. 0-0 0-0 8. e4 dxe4 9. Nxe4 a6 10. Nb3 Qc7 11. Nxf6+ Bxf6 12. c3 Rd8 13. Qh5 Nc6 14. Be3 Ne7 15. Qc5 Qxc5 16. Bxc5 Nc6 17. Bb6 Rd7 18. Rad1 Kf8 19. a4 Ke8 20. Nd2 Be7 21. a5 Rb8 22. b4 Rd3 23. Bc7 Rxc3 24. Bxc6+ 1-0

[Event "Heraklion Capablanca Memorial 4th"]
[Site "Heraklion"]
[Date "2018.04.11"]
[Round "3"]
[White "Townsend, M Paul"]
[Black "Georgakopoulos, Nikolaos"]
[Result "0-1"]
[WhiteElo "2211"]
[BlackElo "2346"]
[PlyCount "76"]
[EventDate "2018.04.09"]
[EventType "tourn"]
[EventRounds "9"]
[EventCountry "GRE"]
[EventCategory "6"]
[SourceTitle "CBM 184 Extra"]
[Source "ChessBase"]
[SourceDate "2018.06.28"]
[SourceVersion "1"]
[SourceVersionDate "2018.06.28"]
[SourceQuality "1"]

1. d4 Nf6 2. c4 g6 3. Nc3 Bg7 4. e4 d6 5. Nf3 0-0 6. Be2 e5 7. 0-0 Na6 8. Be3 h6 9. dxe5 Ng4 10. Bf4 Nxe5 11. Nxe5 dxe5 12. Be3 c6 13. Qxd8 Rxd8 14. Rfd1 Re8 15. Rd2 Nc7 16. Rad1 Ne6 17. Bg4 Rf8 18. Bh3 Kh7 19. Na4 b6 20. Rd6 c5 21. Nc3 f5 22. f3 Nd4 23. Nd5 Rf7 24. Bxd4 cxd4 25. Rc1 fxe4 26. Bxc8 Rxc8 27. fxe4 h5 28. b3 Rcf8 29. h3 Rf2 30. Rd7 h4 31. Rxa7 d3 32. Rd1 Re2 33. Nc3 Rc2 34. Nd5 Kh8 35. Ne3 Bh6 36. Rxd3 Bxe3+ 37. Rxe3 Rc1+ 38. Kh2 Rff1 0-1

[Event "Heraklion Capablanca Memorial 4th"]
[Site "Heraklion"]
[Date "2018.04.09"]
[Round "1"]
[White "Rozentalis, Eduardas"]
[Black "Georgakopoulos, Nikolaos"]
[Result "1-0"]
[WhiteElo "2518"]
[BlackElo "2346"]
[PlyCount "65"]
[EventDate "2018.04.09"]
[EventType "tourn"]
[EventRounds "9"]
[EventCountry "GRE"]
[EventCategory "6"]
[SourceTitle "CBM 184 Extra"]
[Source "ChessBase"]
[SourceDate "2018.06.28"]
[SourceVersion "1"]
[SourceVersionDate "2018.06.28"]
[SourceQuality "1"]

1. e4 c5 2. Nf3 e6 3. g3 Nc6 4. Bg2 Nf6 5. Nc3 Be7 6. 0-0 d6 7. d4 cxd4 8. Nxd4 0-0 9. Nxc6 bxc6 10. e5 dxe5 11. Qxd8 Rxd8 12. Bxc6 Rb8 13. Re1 Bd6 14. Rb1 Bb4 15. Be3 Bd7 16. Bg2 a6 17. Bf1 Bb5 18. Nxb5 Bxe1 19. Na7 Bd2 20. Nc6 Bxe3 21. fxe3 a5 22. a4 g5 23. Bb5 Ra8 24. Nxd8 Rxd8 25. c3 e4 26. b4 axb4 27. cxb4 Ng4 28. Be2 Nxe3 29. b5 Nd5 30. a5 Nc3 31. Rb2 Na4 32. Rc2 Rd6 33. Rc4 1-0

[Event "Anogia Fischer 2nd"]
[Site "Anogia"]
[Date "2017.09.18"]
[Round "8"]
[White "Georgakopoulos, Nikolaos"]
[Black "Karpatchev, Aleksandr"]
[Result "1/2-1/2"]
[WhiteElo "2301"]
[BlackElo "2508"]
[PlyCount "20"]
[EventDate "2017.09.11"]
[EventType "tourn"]
[EventRounds "9"]
[EventCountry "GRE"]
[SourceTitle "CBM 180 Extra"]
[Source "ChessBase"]
[SourceDate "2017.10.06"]
[SourceVersion "1"]
[SourceVersionDate "2017.10.06"]
[SourceQuality "1"]

1. d4 d5 2. c4 dxc4 3. Nf3 Nf6 4. e3 Bg4 5. Bxc4 e6 6. 0-0 a6 7. Be2 Nc6 8. Nc3 Bd6 9. h3 Bh5 10. a3 0-0 1/2-1/2

[Event "Anogia Fischer 2nd"]
[Site "Anogia"]
[Date "2017.09.13"]
[Round "3"]
[White "Georgakopoulos, Nikolaos"]
[Black "Le Ruyet, Leopold"]
[Result "1-0"]
[WhiteElo "2301"]
[BlackElo "2282"]
[PlyCount "111"]
[EventDate "2017.09.11"]
[EventType "tourn"]
[EventRounds "9"]
[EventCountry "GRE"]
[SourceTitle "CBM 180 Extra"]
[Source "ChessBase"]
[SourceDate "2017.10.06"]
[SourceVersion "1"]
[SourceVersionDate "2017.10.06"]
[SourceQuality "1"]

1. Nf3 f5 2. d3 Nc6 3. d4 d5 4. Bf4 e6 5. e3 Nf6 6. Bb5 Bd7 7. Bxc6 Bxc6 8. a4 Bd6 9. Ne5 Bd7 10. Nd2 0-0 11. h4 Be8 12. h5 h6 13. Nd3 Be7 14. Be5 Bf7 15. Qf3 Qe8 16. Qg3 Kh7 17. Bxf6 gxf6 18. Qxc7 Rc8 19. Qxb7 Rxc2 20. Qxa7 Bd6 21. Rc1 Rxc1+ 22. Nxc1 Rg8 23. g3 e5 24. Qa6 Qb8 25. dxe5 fxe5 26. Qd3 e4 27. Qb3 Qe8 28. Ne2 d4 29. Qb6 Qxa4 30. 0-0 Qb4 31. Qxd4 Bxh5 32. Qxb4 Bxb4 33. Nf4 Bf7 34. Nb1 h5 35. Ng2 Rc8 36. Nc3 Bb3 37. Ra1 Bxc3 38. Rc1 Rd8 39. bxc3 Bd1 40. Nh4 Bg4 41. c4 Rc8 42. c5 Rc6 43. f3 exf3 44. Kf2 Kg7 45. Nxf3 Kf6 46. Nd4 Rc8 47. c6 Ke5 48. Nb5 Ke6 49. c7 Kd7 50. Rc2 f4 51. gxf4 Be6 52. e4 Bb3 53. Rd2+ Ke7 54. Rd4 Be6 55. f5 Bd7 56. f6+ 1-0

[Event "Anogia Fischer 2nd"]
[Site "Anogia"]
[Date "2017.09.11"]
[Round "1"]
[White "Georgakopoulos, Nikolaos"]
[Black "Velten, Paul"]
[Result "0-1"]
[WhiteElo "2301"]
[BlackElo "2455"]
[PlyCount "120"]
[EventDate "2017.09.11"]
[EventType "tourn"]
[EventRounds "9"]
[EventCountry "GRE"]
[SourceTitle "CBM 180 Extra"]
[Source "ChessBase"]
[SourceDate "2017.10.06"]
[SourceVersion "1"]
[SourceVersionDate "2017.10.06"]
[SourceQuality "1"]

1. d4 Nf6 2. c4 e6 3. Nf3 b6 4. e3 Bb7 5. Nc3 Bb4 6. Bd3 0-0 7. 0-0 d5 8. cxd5 exd5 9. Bd2 a6 10. Ne2 Bd6 11. Ng3 Re8 12. Nf5 Bf8 13. Ne5 Ne4 14. Bxe4 dxe4 15. Bc3 Qg5 16. g4 g6 17. Ng3 Bd6 18. h3 Qh4 19. Kh2 Bd5 20. g5 Qxg5 21. Rg1 Qh4 22. Rg2 Kf8 23. Kg1 f6 24. Ne2 Be6 25. Nf4 Bf5 26. Ng4 h5 27. Nh6 Bxf4 28. Nxf5 Qxh3 29. Bb4+ c5 30. dxc5 Qxf5 31. cxb6+ Kg7 32. exf4 Nc6 33. Bd6 Rad8 34. Rc1 Nb4 35. b7 Nd3 36. Rc7+ Kh6 37. Qb3 Ne1 38. Rg3 Nf3+ 39. Kg2 g5 40. Qf7 Rg8 41. Rc5 Qg6 42. fxg5+ fxg5 43. Rc6 Nh4+ 44. Kf1 Rxd6 45. Qxg6+ Rdxg6 46. Rc8 Rb6 47. Rb3 Rxb7 48. Rc6+ Ng6 49. Rxb7 h4 50. Rxa6 Kh5 51. Re6 Nf4 52. Rxe4 Kg4 53. a4 Rc8 54. a5 h3 55. a6 Rc1+ 56. Re1 Rxe1+ 57. Kxe1 h2 58. f3+ Kg3 59. a7 h1Q+ 60. Kd2 Qg2+ 0-1

[Event "GRE-chT 40th"]
[Site "Achaia"]
[Date "2012.07.03"]
[Round "5.15"]
[White "Georgakopoulos, Nikolaos"]
[Black "Sarandos, Vasilios"]
[Result "1-0"]
[WhiteElo "2337"]
[BlackElo "2241"]
[PlyCount "95"]
[EventDate "2012.06.30"]
[EventType "team-swiss"]
[EventRounds "7"]
[EventCountry "GRE"]
[SourceTitle "CBM 149 Extra"]
[Source "ChessBase"]
[SourceDate "2012.08.24"]
[SourceVersion "1"]
[SourceVersionDate "2012.08.24"]
[SourceQuality "1"]
[WhiteTeam "Pelopos Academy"]
[BlackTeam "Tzelepis Ikaria"]
[WhiteTeamCountry "GRE"]
[BlackTeamCountry "GRE"]

1. c4 c6 2. e4 d5 3. exd5 cxd5 4. cxd5 Nf6 5. Nc3 Nxd5 6. Nf3 Nc6 7. d4 Bg4 8. Qb3 Bxf3 9. gxf3 e6 10. Qxb7 Nxd4 11. Bb5+ Nxb5 12. Qc6+ Ke7 13. Qxb5 Qd7 14. Nxd5+ Qxd5 15. Bg5+ f6 16. Qxd5 exd5 17. Be3 Ke6 18. 0-0-0 Bb4 19. a3 Rhc8+ 20. Kb1 Bc5 21. Rhe1 Kd6 22. Rd3 Bxe3 23. Rdxe3 Rc4 24. Re6+ Kc5 25. Rg1 Rf4 26. Rc1+ Kd4 27. Rd1+ Kc4 28. Rc6+ Kb5 29. Rd6 Rxf3 30. R1xd5+ Kc4 31. Rd2 Rb8 32. Ka2 Rb6 33. R6d5 Rf4 34. Ra5 g5 35. Rxa7 h5 36. Ra4+ Kc5 37. Rc2+ Kd5 38. Rxf4 gxf4 39. b4 Kd4 40. Kb3 Kd3 41. a4 f3 42. b5 Re6 43. Rc6 Re1 44. Rc3+ Ke2 45. Rc2+ Kf1 46. b6 Re6 47. a5 Re5 48. Kc4 1-0

[Event "Paleochora op 4th"]
[Site "Paleochora"]
[Date "2011.07.26"]
[Round "8"]
[White "Kohlweyer, Bernd"]
[Black "Georgakopoulos, Nikolaos"]
[Result "1/2-1/2"]
[WhiteElo "2494"]
[BlackElo "2283"]
[PlyCount "45"]
[EventDate "2011.07.20"]
[EventType "swiss"]
[EventRounds "9"]
[EventCountry "GRE"]
[SourceTitle "CBM 143 Extra"]
[Source "ChessBase"]
[SourceDate "2011.08.29"]
[SourceVersion "1"]
[SourceVersionDate "2011.08.29"]
[SourceQuality "1"]

1. d4 Nf6 2. c4 g6 3. Nc3 Bg7 4. e4 d6 5. f3 0-0 6. Nge2 c5 7. Be3 Nc6 8. d5 Ne5 9. Ng3 e6 10. Be2 exd5 11. exd5 a6 12. a4 Bd7 13. 0-0 b5 14. h3 Rb8 15. axb5 axb5 16. b3 b4 17. Na4 Ne8 18. Qc2 Bxa4 19. Rxa4 Nc7 20. Rd1 Nd7 21. Ra7 Ra8 22. Rxa8 Qxa8 23. Bf4 1/2-1/2

[Event "Rethymno op 3rd"]
[Site "Rethymno"]
[Date "2011.07.16"]
[Round "7"]
[White "Georgakopoulos, Nikolaos"]
[Black "Kharitonov, Alexandr"]
[Result "1/2-1/2"]
[WhiteElo "2283"]
[BlackElo "2539"]
[PlyCount "80"]
[EventDate "2011.07.11"]
[EventType "swiss"]
[EventRounds "9"]
[EventCountry "GRE"]
[SourceTitle "CBM 143 Extra"]
[Source "ChessBase"]
[SourceDate "2011.08.29"]
[SourceVersion "1"]
[SourceVersionDate "2011.08.29"]
[SourceQuality "1"]

1. e4 c6 2. c4 d5 3. exd5 cxd5 4. cxd5 Nf6 5. Nc3 Nxd5 6. Nf3 Nc6 7. d4 Bg4 8. Qb3 Bxf3 9. gxf3 e6 10. Qxb7 Nxd4 11. Bb5+ Nxb5 12. Qc6+ Ke7 13. Qxb5 Qd7 14. Nxd5+ Qxd5 15. Bg5+ f6 16. Qxd5 exd5 17. Be3 Kf7 18. 0-0-0 Rd8 19. Kb1 Rd7 20. Rd3 Be7 21. Rc1 Rhd8 22. Bd4 Bd6 23. h3 Be5 24. Rc5 Re8 25. Kc2 Bxd4 26. Rxd4 Re2+ 27. Rd2 Rxd2+ 28. Kxd2 Kg6 29. b4 Kg5 30. Rc3 f5 31. b5 f4 32. a4 Kh4 33. a5 Kxh3 34. a6 Kg2 35. Rc8 h5 36. Rb8 d4 37. Rb7 Rd5 38. Rb8 Rd7 39. Rb7 Rd5 40. Rb8 Rd7 1/2-1/2